000 01184nam0a22002651 4500
001 rc\1149139
005 20041129084607.7
035 _a(NLR Aleph) 006394789
090 _a5183906
_c5183906
100 _a20041129d1980 u |0rusy50 ca
101 0 _arus
102 _aRU
105 _ay |||||||||
200 1 _aМетодические указания по разработке генеральных схем раскройки шахтных полей
_fИн-т горн. дела им. А.А. Скочинского и др.
_g[Разраб. М.С. Газизов, Л.Н. Гапанович, А.С. Кузьмич и др.]
210 _aМ.
_cИГД
_d1980
215 _a17 с.
_d20
300 _aВ надзаг. также: Центрогипрошахт, ИПКОН АН СССР
320 _aБиблиогр. в конце кн. (14 назв.)
702 1 _aГазизов
_bМ. С.
_gМаксум Суфиянович
_4570
712 0 2 _aИнститут горного дела им. А.А.Скочинского
_cМосква
_3RU\NLR\AUTH\8810013777
801 0 _aRU
_bNLR
_gpsbo
801 1 _aRU
_bELAR
_2rusmarc
852 _aNLR
_j80-4/30020
942 _cBOOK
980 _aNB